Optimizing and licensing the radio frequency spectrum for terrestrial 3G users (Registro nro. 202074)

Detalles MARC
001 - NÚMERO DE CONTROL
campo de control 663363
005 - FECHA Y HORA DE LA ÚLTIMA TRANSACCIÓN
campo de control 20240201163541.0
008 - DATOS DE LONGITUD FIJA--INFORMACIÓN GENERAL
campo de control de longitud fija 010511e20010301 eng
035 ## - NÚMERO DE CONTROL DEL SISTEMA
Número de control de sistema 663363
035 ## - NÚMERO DE CONTROL DEL SISTEMA
Número de control de sistema (OCoLC)819907378
040 ## - FUENTE DE LA CATALOGACIÓN
Centro/agencia transcriptor comduadb
041 ## - CÓDIGO DE LENGUA
Código de lengua del texto/banda sonora o título independiente eng
100 10 - ENTRADA PRINCIPAL--NOMBRE DE PERSONA
Nombre de persona Evci, C.
Código de función aut
Término indicativo de función/relación Autor/a
9 (RLIN) 337795
245 10 - MENCIÓN DE TÍTULO
Título Optimizing and licensing the radio frequency spectrum for terrestrial 3G users
650 ## - PUNTO DE ACCESO ADICIONAL DE MATERIA--TÉRMINO DE MATERIA
Término de materia o nombre geográfico como elemento de entrada Radiofrecuencia
9 (RLIN) 12900
650 ## - PUNTO DE ACCESO ADICIONAL DE MATERIA--TÉRMINO DE MATERIA
Término de materia o nombre geográfico como elemento de entrada Optimización
9 (RLIN) 34739
650 ## - PUNTO DE ACCESO ADICIONAL DE MATERIA--TÉRMINO DE MATERIA
Término de materia o nombre geográfico como elemento de entrada HF (Alta frecuencia)
9 (RLIN) 77563
650 ## - PUNTO DE ACCESO ADICIONAL DE MATERIA--TÉRMINO DE MATERIA
Término de materia o nombre geográfico como elemento de entrada VHF (Muy alta frecuencia)
9 (RLIN) 77564
650 ## - PUNTO DE ACCESO ADICIONAL DE MATERIA--TÉRMINO DE MATERIA
Término de materia o nombre geográfico como elemento de entrada UHF (Ultra alta frecuencia)
9 (RLIN) 170908
650 ## - PUNTO DE ACCESO ADICIONAL DE MATERIA--TÉRMINO DE MATERIA
Término de materia o nombre geográfico como elemento de entrada AM (Modulación en amplitud)
9 (RLIN) 77565
650 ## - PUNTO DE ACCESO ADICIONAL DE MATERIA--TÉRMINO DE MATERIA
Término de materia o nombre geográfico como elemento de entrada FM (Modulacion en frecuencia)
9 (RLIN) 77566
773 0# - ENLACE AL DOCUMENTO FUENTE/ENTRADA DE REGISTRO ANFITRIÓN
Título Alcatel Telecommunications Review (Paris)
Parte(s) relacionada(s) Ene.-Mar. 2001, p. 19-27
Número de control del registro 100426
Número Internacional Normalizado para Publicaciones Seriadas 1267-7167
Número bibliográfico anfitrión 89879
942 ## - ELEMENTOS DE ENTRADA AGREGADA (KOHA)
Tipo de ítem Koha Artículo de Revista

No hay ítems disponibles.